000 00875nam a2200193 i 4500
001 165135
003 ES-MaACL
005 20250811074513.0
008 990126s1859 sp |||| | spa d
100 1 _aSeijas Lozano, Manuel.
_9132636
245 1 0 _aDictamen emitido por el Excmo. Sr. D. Manuel de Seijas Lozano, fiscal del Tribunal Supremo de Justicia en el espediente consultivo instruido en dicho Tribunal con motivo del progresivo recargo en asuntos de casación.
260 _aMadrid :
_b[s.n.],
_c1859 (
_fImp. de la Revista de Legislación, a cargo de Julián Morales)
300 _a54 p. ;
_c23 cm.
597 _aAntep.
650 4 _aCasación civil-
_zEspaña.
_9149475
710 1 _aEspaña.
_bTribunal Supremo
_94004
852 4 _aES-MaACL
_jT-801-F-7
_z- Enc. hol., conservando cub. original
_z- Enc. en un vol. facticio
999 _c165135
_d165135